000 00935nam a22002057a 4500
008 120917t xxu||||| |||| 00| 0 eng d
020 _a9-7819-0762-4193
082 _222 ed.
_a346.07
_bCOM
245 _aCommercial property 2011 edited by Anne Rodell
260 _aGuildford :
_bCollege of law publishing
_c2011
300 _axxiii. ; 419 p. :
_c30 cm.
500 _aIncludes Index
650 _a Commercial real estate
_96791
650 _aCommercial property
_96792
700 _a Rodell, Anne
_96793
942 _2ddc
_cBK
999 _c5207
_d5207